A treatise on social theory (Record no. 242359)

MARC details
000 -LEADER
fixed length control field 00857nam a2200265Ia 4500
008 - FIXED-LENGTH DATA ELEMENTS--GENERAL INFORMATION
fixed length control field 191130s1993##################000#0#eng##
020 ## - INTERNATIONAL STANDARD BOOK NUMBER
ISBN 9780521369831
082 ## - DEWEY DECIMAL CLASSIFICATION NUMBER
Classification number 301.01 RUN
100 ## - MAIN ENTRY--AUTHOR NAME
Personal name Runciman, W. G
245 ## - TITLE STATEMENT
Title A treatise on social theory
Statement of responsibility, etc W.G. Runciman
260 ## - PUBLICATION, DISTRIBUTION, ETC. (IMPRINT)
Place of publication Cambridge
Name of publisher Cambridge Univeristy Press
Year of publication 1993
300 ## - PHYSICAL DESCRIPTION
Number of Pages 3 v. : ill. ; 24 cm
500 ## - GENERAL NOTE
General note Includes bibliographical references and index
650 ## - SUBJECT ADDED ENTRY--TOPICAL TERM
Topical Term England - Social conditions - 20th century
Topical Term Social sciences - Methodology
Topical Term Social sciences - Philosophy
Topical Term Social structure - England - History - 20th century
Topical Term Sociology - Methodology
Topical Term Sociology - Philosophy
991 ## -
-- 247549
Holdings
Withdrawn status Lost status Damaged status Not for loan Home library Current library Shelving location Date acquired Full call number Accession Number Price effective from Koha item type
        Anna Centenary Library Anna Centenary Library 3RD FLOOR, B WING 13.10.2020 301.01 RUN 231642 13.10.2020 English Books

Find us on the map